Load automation via power line communication / (Record no. 615817)
[ view plain ]
| 000 -LEADER | |
|---|---|
| fixed length control field | 00721nam a2200169 4500 |
| 003 - CONTROL NUMBER IDENTIFIER | |
| control field | NUST |
| 082 ## - DEWEY DECIMAL CLASSIFICATION NUMBER | |
| Classification number | 621.382,WAQ |
| 100 ## - MAIN ENTRY--PERSONAL NAME | |
| Personal name | Waqar, Saad |
| 9 (RLIN) | 132765 |
| 245 ## - TITLE STATEMENT | |
| Title | Load automation via power line communication / |
| Statement of responsibility, etc. | Saad Waqar, Umer Afzal Khan and Abdus Salam (TE-49) |
| 260 ## - PUBLICATION, DISTRIBUTION, ETC. | |
| Place of publication, distribution, etc. | Rawalpindi |
| Name of publisher, distributor, etc. | MCS (NUST) |
| Date of publication, distribution, etc. | June 2016 |
| 300 ## - PHYSICAL DESCRIPTION | |
| Extent | x, 61 p.; |
| 505 ## - FORMATTED CONTENTS NOTE | |
| Formatted contents note | Introduction (Page-1), PLC Methodology (Page-4), Description Of The Components (Page-17), Controlling devices via Pc (Page-40), Software section (Page-40), Future Scope and Applications (Page-56), Conclusion (Page-60). |
| 650 ## - SUBJECT ADDED ENTRY--TOPICAL TERM | |
| Topical term or geographic name entry element | UG Project |
| 9 (RLIN) | 131132 |
| 651 ## - SUBJECT ADDED ENTRY--GEOGRAPHIC NAME | |
| Geographic name | TE-49 |
| 9 (RLIN) | 131595 |
| 700 ## - ADDED ENTRY--PERSONAL NAME | |
| Personal name | Supervised By : Dr. Muhammad Tayyab Ali |
| 9 (RLIN) | 132486 |
| 942 ## - ADDED ENTRY ELEMENTS (KOHA) | |
| Source of classification or shelving scheme | |
| Koha item type | Project Report |
| Withdrawn status | Lost status | Source of classification or shelving scheme | Damaged status | Not for loan | Permanent Location | Current Location | Shelving location | Date acquired | Total Checkouts | Full call number | Barcode | Date last seen | Price effective from | Koha item type | Public note |
|---|---|---|---|---|---|---|---|---|---|---|---|---|---|---|---|
| Military College of Signals (MCS) | Military College of Signals (MCS) | Reference | 01/16/2026 | 621.382,WAQ | MCSPTE-253 | 01/16/2026 | 01/16/2026 | Project Report | Almirah No.90, Shelf No.4 |
